000 00660nam a22002417a 4500
001 75893
003 UA-OsUOA
005 20210324162119.0
007 ta
008 20110606b un ||||| |||| 00| 0 ukr d
020 _a9789663990620
040 _aUA-OsUOA
_bukr
_cUA-OsUOA
_dUA-OsUOA
041 _aukr
080 _a821.161.2-1
090 _a821.161.2-1
_bБ90
100 _aБубряк П. В.
245 _aЗ любов'ю карпатського серця
260 _aЧернівці
_bБукрек
_c2007
300 _a112 с.
650 7 _a82 Література. Літературознавство
_2UDC
942 _cBK
_2udc
955 _a2
999 _c362191
_d362191